Online Catalogue and eLibrary

Vaalvu Suvadugal (Record no. 4288)

MARC details
000 -LEADER
fixed length control field 00453nam a2200157Ia 4500
005 - DATE AND TIME OF LATEST TRANSACTION
control field 20250224061535.0
008 - FIXED-LENGTH DATA ELEMENTS--GENERAL INFORMATION
fixed length control field 240331s9999 xx 000 0 und d
082 ## - DDC Classification
Item Number - Author Mark RAJ
DDC Edition Number 2568
Class No. 920
100 ## - MAIN ENTRY--PERSONAL NAME
Personal name Rajaratnam, S. J. P
245 #0 - TITLE STATEMENT
Title Vaalvu Suvadugal
250 ## - EDITION STATEMENT
Edition statement First Edition
260 ## - PUBLICATION, DISTRIBUTION, ETC.
Place of publication, distribution, etc. Jaffna
Name of publisher, distributor, etc. Akilam Publishers
Date of publication, distribution, etc. 1997
300 ## - PHYSICAL DESCRIPTION
Extent (e.g. Volumes, Pages etc.) 132 p.,
500 ## - GENERAL NOTE
General note Autobiography of Sithamparam Rajaratnam, a peace officer, teacher and politician.
942 ## - Koha item type (Biblio)
Koha item type Books in Stacks (Lending)
Holdings
Lost status Damaged status Collection code Home library Current library Shelving location Date acquired Full call number Accession Number Item type
    Lending WERC Library WERC Library Social Science Cupboard 03/31/2024 920 RAJ 2568 Books in Stacks (Lending)

© WERC Library